| 000 | 00557nam a22001817a 4500 | ||
|---|---|---|---|
| 003 | OSt | ||
| 005 | 20220107122841.0 | ||
| 008 | 180605b xxu||||| |||| 00| 0 eng d | ||
| 040 | _cIIITMK | ||
| 100 |
_aSaradindu Sengupta (91616012) _914328 |
||
| 245 | _aSolar energy output forecasting from solarGIS data for connected grid station | ||
| 300 | _aMSC MI 2016-2018 | ||
| 502 |
_bMSC MI _c2016-2018 _dINT _eDr. Asharaf S |
||
| 650 |
_aSOLARGIS DATA _914329 |
||
| 650 |
_aSOLAR OUTPUT FORECASTING _914330 |
||
| 650 |
_aMACHINE LEARNING _914331 |
||
| 942 |
_2ddc _cPR |
||
| 999 |
_c6120 _d6120 |
||